| 000 | 01067nam a2200289 4500 | ||
|---|---|---|---|
| 001 | 120247 | ||
| 003 | ES-MaACL | ||
| 005 | 20230906191511.0 | ||
| 007 | t| | ||
| 008 | 070214s1969 sp r ||||1| spa d | ||
| 100 | 1 |
_aPire, Dominique. _992341 |
|
| 245 | 1 | 0 |
_aConstruir la paz / _cP. Dominique Pire ; en colaboración con el Dr. Charles Dricot ; prólogo del profesor Robert Oppenheimer ; epílogo de John Griffin ; [traducido por Danielle Wynants de Tiznado, Rómulo Tiznado Fernández y Miguel Concha Malo]. |
| 250 | _a1ª ed. | ||
| 260 |
_aBarcelona : _bFontanella, _c1969. |
||
| 300 |
_a176 p., 14 lám. ; _c19 cm. |
||
| 490 | 1 |
_aPensamiento ; _v24 |
|
| 650 | 0 | 0 |
_aPacifismo. _915784 |
| 700 | 1 |
_aDricot, Charles. _945637 |
|
| 700 | 1 |
_aOppenheimer, J. Robert. _9156731 |
|
| 700 | 1 |
_aGriffin, John. _959997 |
|
| 700 | 1 |
_aWynants de Tiznado, Danielle. _9117473 |
|
| 700 | 1 |
_aTiznado Fernández, Rómulo. _9110361 |
|
| 700 | 1 |
_aConcha Malo, Miguel. _940075 |
|
| 830 | 1 |
_aPensamiento ; _v24 _9178722 |
|
| 852 |
_aES-MaACL _jC-40382 |
||
| 999 |
_c120247 _d120247 |
||